| 000 | 00842nam a2200265 i 4500 | ||
|---|---|---|---|
| 001 | 177695 | ||
| 003 | ES-MaACL | ||
| 005 | 20250927164452.0 | ||
| 008 | 110412s1989 sp ao ||||1| spa d | ||
| 020 | _a84-86805-07-4 | ||
| 080 | _a658.512.2 | ||
| 100 | 1 |
_aPibernat i Domènech, Oriol. _9146153 |
|
| 245 | 1 | 3 |
_aLa gestión del diseño / _cOriol Pibernat y Norberto Chaves. |
| 250 | _a1ª imp. | ||
| 260 |
_aMadrid : _bInstituto de la Pequeña y Mediana Empresa Industrial, _c1989. |
||
| 300 |
_a76 p. : _bil. col. ; _c21 cm. |
||
| 490 | 1 |
_aManuales IMPI ; _v23 |
|
| 500 | _aÍndice. | ||
| 504 | _aBibliografía: p. 76. | ||
| 650 | 4 |
_aDiseño industrial. _911945 |
|
| 700 | 1 |
_aChaves, Norberto, _d1942- _9146154 |
|
| 830 | 0 |
_aManuales IMPI ; _v23 _9190542 |
|
| 852 |
_aES-MaACL _jE-14889 _xOlim P-518 |
||
| 999 |
_c177695 _d177695 |
||